Normal view
MARC view
- Mental Disorders
Entry Topical Term
001 - CONTROL NUMBER
- control field: 126213
003 - CONTROL NUMBER IDENTIFIER
- control field: NUST
005 - DATE AND TIME OF LATEST TRANSACTION
- control field: 20241002121405.0
008 - FIXED-LENGTH DATA ELEMENTS
- fixed length control field: 241002|| aca||aabn | a|a d
040 ## - CATALOGING SOURCE
- Original cataloging agency: NUST
- Transcribing agency: NUST
150 ## - HEADING--TOPICAL TERM
- Topical term or geographic name entry element: Mental Disorders
- General subdivision: physiopathology
670 ## - SOURCE DATA FOUND
- Source citation: Work cat.: (NUST)611923: The Team of Subject Specialists 126204, Sketchy pathology & pharmacology :, [2020]
